The Indus Waters Treaty, 1960 : (Record no. 34109)
[ view plain ]
| 000 -LEADER | |
|---|---|
| fixed length control field | 01196cam a2200337 i 4500 |
| 001 - CONTROL NUMBER | |
| control field | 18870003 |
| 003 - CONTROL NUMBER IDENTIFIER | |
| control field | NUST |
| 005 - DATE AND TIME OF LATEST TRANSACTION | |
| control field | 20170530132017.0 |
| 008 - FIXED-LENGTH DATA ELEMENTS--GENERAL INFORMATION | |
| fixed length control field | 151124s2015 pk b 000 0 eng |
| 010 ## - LIBRARY OF CONGRESS CONTROL NUMBER | |
| LC control number | 2015330120 |
| 020 ## - INTERNATIONAL STANDARD BOOK NUMBER | |
| International Standard Book Number | 9789695623893 |
| 037 ## - SOURCE OF ACQUISITION | |
| Source of stock number/acquisition | Library of Congress -- Islamabad Overseas Office |
| Terms of availability | Rs 1400 |
| 040 ## - CATALOGING SOURCE | |
| Original cataloging agency | DLC |
| Language of cataloging | eng |
| Transcribing agency | RCMS |
| Description conventions | rda |
| Modifying agency | DLC |
| 042 ## - AUTHENTICATION CODE | |
| Authentication code | lcode |
| 043 ## - GEOGRAPHIC AREA CODE | |
| Geographic area code | a-pk--- |
| -- | a-ii--- |
| 050 00 - LIBRARY OF CONGRESS CALL NUMBER | |
| Classification number | 327.5491 MAL |
| Item number | I53 2015 |
| 082 ## - DEWEY DECIMAL CLASSIFICATION NUMBER | |
| Edition number | 1st ed. |
| Classification number | 327.5491 MAL |
| 100 ## - MAIN ENTRY--PERSONAL NAME | |
| Personal name | Nadeem Shafiq Malik. |
| 9 (RLIN) | 1000 |
| 245 04 - TITLE STATEMENT | |
| Title | The Indus Waters Treaty, 1960 : |
| Remainder of title | text and analysis / |
| Statement of responsibility, etc. | compiled & edited by, Nadeem Shafiq Malik. |
| 250 ## - EDITION STATEMENT | |
| Edition statement | 1st edition. |
| 260 ## - PUBLICATION, DISTRIBUTION, ETC. | |
| Place of publication, distribution, etc. | Lahore |
| Name of publisher, distributor, etc. | Fiction House |
| Date of publication, distribution, etc. | 2015 |
| 300 ## - PHYSICAL DESCRIPTION | |
| Extent | 340 pages ; |
| Dimensions | 25 cm |
| 440 ## - SERIES STATEMENT/ADDED ENTRY--TITLE | |
| Title | The Indus Waters Treaty, 1960 : |
| 9 (RLIN) | 1641 |
| 504 ## - BIBLIOGRAPHY, ETC. NOTE | |
| Bibliography, etc. note | Includes bibliographical references. |
| 538 ## - SYSTEM DETAILS NOTE | |
| Display text | Shelf # 13, Row # 5, Fiction. |
| 610 10 - SUBJECT ADDED ENTRY--CORPORATE NAME | |
| Corporate name or jurisdiction name as entry element | India. |
| Title of a work | Treaties, etc. |
| Miscellaneous information | Pakistan, |
| Date of meeting or treaty signing | 1960 September 19. |
| 9 (RLIN) | 1642 |
| 651 #0 - SUBJECT ADDED ENTRY--GEOGRAPHIC NAME | |
| Geographic name | Indus River |
| General subdivision | Water rights. |
| 9 (RLIN) | 1643 |
| 651 #0 - SUBJECT ADDED ENTRY--GEOGRAPHIC NAME | |
| Geographic name | India |
| General subdivision | Foreign relations |
| Geographic subdivision | Pakistan. |
| 9 (RLIN) | 1644 |
| 651 #0 - SUBJECT ADDED ENTRY--GEOGRAPHIC NAME | |
| Geographic name | Pakistan |
| General subdivision | Foreign relations |
| Geographic subdivision | India. |
| 9 (RLIN) | 1645 |
| 700 1# - ADDED ENTRY--PERSONAL NAME | |
| Personal name | Malik, Nadeem Shafiq, |
| Relator term | compiler. |
| 9 (RLIN) | 336 |
| 856 41 - ELECTRONIC LOCATION AND ACCESS | |
| Materials specified | Table of contents only. |
| Uniform Resource Identifier | <a href="https://www.loc.gov/catdir/toc/fy16pdf03/2015330120.html">https://www.loc.gov/catdir/toc/fy16pdf03/2015330120.html</a> |
| 906 ## - LOCAL DATA ELEMENT F, LDF (RLIN) | |
| a | 7 |
| b | cbc |
| c | origode |
| d | 2 |
| e | ncip |
| f | 20 |
| g | y-gencatlg |
| 942 ## - ADDED ENTRY ELEMENTS (KOHA) | |
| Source of classification or shelving scheme | |
| Koha item type | Book |
| Classification part | 327.5491 MAL |
| Withdrawn status | Lost status | Source of classification or shelving scheme | Damaged status | Not for loan | Collection code | Permanent Location | Current Location | Shelving location | Date acquired | Total Checkouts | Full call number | Barcode | Date last seen | Price effective from | Koha item type |
|---|---|---|---|---|---|---|---|---|---|---|---|---|---|---|---|
| School of Interdisciplinary Engineering and Sciences (SINES) | School of Interdisciplinary Engineering and Sciences (SINES) | Fiction | 07/18/2016 | 327.5491 MAL | RCMS003012 | 03/30/2017 | 07/18/2016 | Fiction | |||||||
| School of Interdisciplinary Engineering and Sciences (SINES) | School of Interdisciplinary Engineering and Sciences (SINES) | Fiction | 05/31/2017 | 327.5491 MAL | RCMS003013 | 05/31/2017 | 05/31/2017 | Fiction |
